El mundo moderno y contemporáneo; vol. 1: de los albores de la modernidad a la competencia imperialista /

Guardado en:
Autor Principal: Delgado de Cantú, Gloria M.
Formato: Libro
Publicado: México : Addison Wesley Longman, 1999
Edición:4a. ed.
Materias:
Etiquetas: Agregar Etiqueta
Sin Etiquetas, Sea el primero en etiquetar este registro!
LEADER 00977nam a22002055a 4500
001 CEM.cems011816
008 130507s1999##################000#0#####d
005 20241220105044.0
245 1 0 |a El mundo moderno y contemporáneo; vol. 1: de los albores de la modernidad a la competencia imperialista /  |c Gloria M. Delgado de Cantú 
250 |a 4a. ed. 
260 |a México :  |b Addison Wesley Longman,  |c 1999 
300 |a 560 p. 
505 0 |a La historia: conceptos, metodología y didáctica -- Edad Moderna: la renovación del mundo occidental -- El mundo asiático entre los siglos XIV y XVIII -- La era absolutismo monárquico en Europa -- Era Napoleónica y revoluciones liberales -- Del nacionalismo al imperialismo -- 
020 |a 9684443943 
100 1 |a Delgado de Cantú, Gloria M. 
082 0 4 |a Z940.2 
653 |a Historia 
653 |a Historia moderna e imperialimo 
653 |a Cultura occidental 
859 |a CEMS  |b BIB. CEMS - 11 de abril  |h Z940.2  |i D378a4  |p 22869.05  |t Ej.1  |v I  |3 I